000 00409nam a2200169Ia 4500
008 230711s9999||||xx |||||||||||||| ||und||
020 _a978-0-415-71916-2
041 _aENG
082 _a729
_bUN-S
100 _aUnwin,Simon
245 0 _aAnalysing Architecture
250 _a4th Ed.
260 _c2014
_aLondon
_bRoutledge Taylor & Franic Group
300 _a325p.
650 _aArchitecture
942 _cBK
999 _c6454
_d6454